Tres cuentos de misterio /

Guardado en:
Autor Principal: Doyle, Arthur Conan.
Otros Autores: Chejov, Anton., Bierce, Ambrose., Flesca, Haydeé; pról.
Formato: Libro
Idioma:Undetermined
Publicado: Buenos Aires : Maya, 20??
Series:Tridente
Materias:
Etiquetas: Agregar Etiqueta
Sin Etiquetas, Sea el primero en etiquetar este registro!
LEADER 00797nam a22002295a 4500
001 CEM.cems021342
008 240805s20??####ag############000#0#und#d
005 20240805180752.0
245 1 0 |a Tres cuentos de misterio /  |c Arthur Conan Doyle ... y otros. 
260 |a Buenos Aires :  |b Maya,  |c 20?? 
300 |a 64 p. 
490 1 |a Tridente 
505 0 |a Prólogo / Haydeé Flesca -- El misterio de Copper Beeches / Arthur Conan Doyle -- Al otro lado de la pared / Ambrose Bierce -- El misterio / Anton Chejov 
020 |a 9789871815357 
100 1 |a Doyle, Arthur Conan. 
700 1 |a Chejov, Anton. 
700 1 |a Bierce, Ambrose. 
700 1 |a Flesca, Haydeé; pról. 
653 |a Antología 
653 |a Literatura 
653 |a Cuentos 
859 |a CEMS  |b BIB. CEMS - 11 de abril  |h 808.8  |i D772  |p 29512.24  |t Ej.1